000 00896nam a2200301Ia 4500
001 17423
003 IT-RoPAU
008 130308s9999 xx 000 0 und d
040 _aIT-RoPAU
040 _cIT-RoPAU
041 _aITALIANO
100 _aNeroni Giulio
100 _gCodice Aut. SPICS: 3221
245 _aDisco (Il)
245 _bVedo Ascolto e Penso-I ragazzi e la Comunicazione Audiovisiva
250 _a1a ed.
260 _aROMA
260 _bAve
260 _c1977 [1° Ed.:1977 - Ed.Ling.Originale:1977]
300 _a"18 p. (prefazione: no ; testo: 18 [pagine: 122-139])"
500 _aInvenzione Sviluppo e Diffusione del Disco Disco e Ragazzo Messaggio del Disco Decodifica del Messaggio Discoforum
650 _aEDUCAZIONE ALLA COMUNICAZIONE SOCIALE
650 _eCodice materia Spics: 3812
942 _cBK
957 _71
999 _c45752
_d45752
999 _bSI
999 _g1